Catálogo

La educación en valores en el ámbito universitario : (Registro nro. 65485)

Detalles MARC
000 -LEADER
fixed length control field 01150cam a2200313 i 4500
001 - CONTROL NUMBER
control field 65485
003 - CONTROL NUMBER IDENTIFIER
control field Mx-PuUPA
005 - DATE AND TIME OF LATEST TRANSACTION
control field 20210514110142.0
008 - FIXED-LENGTH DATA ELEMENTS--GENERAL INFORMATION
fixed length control field 160610s2012 sp a r 000 0 spa d
020 ## - INTERNATIONAL STANDARD BOOK NUMBER
International Standard Book Number 9788427718869
040 ## - CATALOGING SOURCE
Original cataloging agency Mx-PuUPA
Language of cataloging spa
Transcribing agency Mx-PuUPA
Modifying agency Mx-PuUPA
Description conventions rda
041 0# - LANGUAGE CODE
Language code of text/sound track or separate title spa
245 13 - TITLE STATEMENT
Title La educación en valores en el ámbito universitario :
Remainder of title propuestas y experiencias /
Statement of responsibility, etc. Rosa Ma. Rodríguez Jiménez, coordinador ; autores, Enrique, Castaño Perea, Ma. José Terrón López [y otros veintidós]
264 #1 - PRODUCTION, PUBLICATION, DISTRIBUTION, MANUFACTURE, AND COPYRIGHT NOTICE
Place of production, publication, distribution, manufacture Madrid, España :
Name of producer, publisher, distributor, manufacturer Narcea S,A, de Ediciones,
Date of production, publication, distribution, manufacture, or copyright notice 2012
300 ## - PHYSICAL DESCRIPTION
Extent 188 páginas ;
Dimensions 23 cm.
336 ## - CONTENT TYPE
Content type term texto
Fuente rdacontent
Content type code txt
337 ## - MEDIA TYPE
Media type term sin medio
Source rdamedia
Media type code n
338 ## - CARRIER TYPE
Carrier type term volumen
Source rdacarrier
Carrier type code nc
490 0# - SERIES STATEMENT
Series statement Universitaria
650 #4 - SUBJECT ADDED ENTRY--TOPICAL TERM
Topical term or geographic name entry element Educación moral
General subdivision Didáctica
650 #4 - SUBJECT ADDED ENTRY--TOPICAL TERM
Topical term or geographic name entry element Universidad
700 1# - ADDED ENTRY--PERSONAL NAME
Personal name Rodríguez Jiménez, Rosa Ma.,
Relator term coordinador
700 1# - ADDED ENTRY--PERSONAL NAME
Personal name Castaño Perea, Enrique,
Relator term autores
700 1# - ADDED ENTRY--PERSONAL NAME
Personal name Terrón López, Ma. José,
Relator term autor
942 ## - ADDED ENTRY ELEMENTS (KOHA)
Source of classification or shelving scheme Dewey Decimal Classification
Koha item type Libro
Classification part 378.014
Item part E244
Existencias
Withdrawn status Lost status Source of classification or shelving scheme Damaged status Not for loan Collection code Home library Current library Shelving location Date acquired Source of acquisition Total Checkouts Full call number Barcode Date last seen Date last checked out Copy number Price effective from Koha item type
    Dewey Decimal Classification     General Biblioteca Karol Wojtyla Biblioteca Karol Wojtyla Sala general 13/02/2017 Compra 1 378.014 E244 2012 95785 05/01/2026 18/08/2018 Ej.3 13/02/2017 Libro
    Dewey Decimal Classification   Consulta en sala Magisterial Biblioteca Karol Wojtyla Biblioteca Karol Wojtyla Sala general 16/10/2017 Compra 1 378.014 E244 2012 98732 05/01/2026 27/02/2018   08/02/2018 Magisterial
    Dewey Decimal Classification     General Biblioteca Karol Wojtyla Biblioteca Karol Wojtyla Sala general 10/06/2016 Compra   378.014 E244 2012 95640 05/01/2026   Ej.2 05/12/2017 Libro